MARC details
| 000 -BAŞLIK |
| Sabit Uzunlukta Kontrol Alanı |
01707na a2200337 4500 |
| 999 ## - SİSTEM KONTROL NUMARALARI (KOHA) |
| Koha Biblionumber |
2929 |
| Koha Biblioitemnumber |
2929 |
| 001 - KONTROL NUMARASI |
| Denetim Alanı |
22884 |
| 003 - KONTROL NUMARASI IDENTIFIER |
| Denetim Alanı |
MIRAKIL |
| 005 - SON İŞLEM TARİHİ VE ZAMANI |
| Denetim Alanı |
20210212155934.0 |
| 008 - SABİT-BOY VERİ ELEMANLARI - GENEL BİLGİLER |
| Sabit Uzunlukta Kontrol Alanı |
170301b tu 000 0 |
| 040 ## - KATALOGLAMA KAYNAK |
| Orijinal Kataloglama Ajansı |
Milas |
| Kataloglama Dili |
tur |
| Metne Dönüştürmek Ajansı |
TR-AnCHP |
| 041 ## - DİL KODU |
| Metin / Ses Parça Veya Ayrı Başlığın Dil Kodu |
tur |
| 082 ## - DEWEY ONLU SINIFLANDIRMA NUMARASI |
| Sınıflandırma Numarası |
CHP 324.2172 |
| Ürün Numarası |
C36pu 2007 |
| 090 ## - SINIFLAMA NUMARASI |
| Sınıflama Numarası |
BROŞÜR 298 |
| 110 ## - ANA GİRİŞ - KURUMSAL ADI |
| Giriş Elemanı Olarak Kurumsal Ad Veya Yargı Alanı Adı |
Cumhuriyet Halk Partisi (CHP) |
| 245 ## - BAŞLIK TABLOSU |
| Başlık |
Pusula '07 |
| Sorumluluk Tablosu, Vb |
Cumhuriyet Halk Partisi |
| 246 ## - UNVAN FORM VARYING |
| Başlık Doğru / Kısa Başlığı |
CHP pusula 2007 |
| 246 ## - UNVAN FORM VARYING |
| Başlık Doğru / Kısa Başlığı |
Pusula 2007 |
| 260 ## - YAYIN, DAĞITIM, VB |
| Yayın, Dağıtım, Vb Yeri |
Ankara |
| Yayıncı, Dağıtıcı, Vs Adı |
CHP |
| Yayın, Dağıtım, Vb Tarihi |
2007 |
| 300 ## - FİZİKSEL TANIM |
| Kapsam |
72 s. |
| Boyutlar |
30 sm. |
| 440 ## - SERİSİ TABLOSU / KATMA GİRİŞİ - BAŞLIK |
| Başlık |
Cumhuriyet Halk Partisi yayınları |
| Bir İşin Parçası / Bölümün İsmi |
El kitapları |
| 500 ## - GENEL NOT |
| Genel Not |
Dış kapakta adı: Pusula '07 : şimdi değişim zamanı... şimdi CHP zamanı |
| 505 ## - BİÇİMLENDİRİLDİ İÇİNDEKİLER NOT |
| Biçimlendirilmiş İçeriği Dikkat |
Terör, güvenlik, huzur - laiklik - Dış politika - İnsan hakları - Yargı - Temiz siyaset, dürüst yönetim -- Ekonomi (sosyal piyasa ekonomisi, büyüme-üretim ekonomisi, vergi) Sanayileşme, bilişim, esnaf - Tarım - Enerji - İşsizlik - çalışma yaşamı - Sosyal güvenlik - Sağlık ve engelliler - Eğitim e kültür - Gençlik e kadın - Bölgesel kalkınma - Kamu yönetimi ve kentleşme kamu yönetimi, İstanbul, kentleşme, konut edindirme, deprem) - Ulaştıra -- Çevre e turizm - Dünya ve CHP (yurtdışındaki Türkler, Sosyal demokrat partiler) |
| 610 ## - KONU KATMA GİRİŞ - TOPLANTI ADI |
| Giriş Elemanı Olarak Kurumsal Ad Veya Yargı Alanı Adı |
Cumhuriyet Halk Partisi (CHP) |
| Genel Alt Bölüm |
Propaganda ve ideolojiler |
| Kronolojik Alt Bölüm |
Seçim kampanyaları, 2007 |
| 610 ## - KONU KATMA GİRİŞ - TOPLANTI ADI |
| Giriş Elemanı Olarak Kurumsal Ad Veya Yargı Alanı Adı |
Cumhuriyet Halk Partisi (CHP) |
| Genel Alt Bölüm |
Siyaset felsefesi |
| 650 ## - KONU KATMA GİRİŞ - TOPİKAL DÖNEM |
| Topikal Süreli Veya Coğrafi Ad Giriş Elemanı |
Genel seçimler, 2007 |
| Coğrafi Alt Bölümü |
Türkiye |
| 830 ## - SERİSİ EKLENDİ GİRİŞ - ÜNİFORM ADI |
| Üniforma Başlık |
CHP yayınları |
| 942 ## - EKLENDİ GİRİŞ ELEMANLARI (KOHA) |
| Koha Öğesi Türü |
Books |
| 999 ## - SİSTEM KONTROL NUMARALARI (KOHA) |
| Koha Biblioitemnumber |
2929 |